Horizons (student's book 1) Có sách
Uloženo v:
| Hlavní autor: | |
|---|---|
| Médium: | Kniha |
| Jazyk: | Undetermined |
| Vydáno: |
Oxford
Oxford University Press
2005
|
| Témata: | |
| Tagy: |
Přidat tag
Žádné tagy, Buďte první, kdo otaguje tento záznam!
|
| Thư viện lưu trữ: | Trung tâm Học liệu Trường Đại học Cần Thơ |
|---|
| LEADER | 00606nam a2200217Ia 4500 | ||
|---|---|---|---|
| 001 | CTU_102098 | ||
| 008 | 210402s9999 xx 000 0 und d | ||
| 020 | |c 82500 | ||
| 082 | |a 428.24 | ||
| 082 | |b R124/sb1 | ||
| 100 | |a Paul Radley | ||
| 245 | 0 | |a Horizons (student's book 1) | |
| 245 | 0 | |b Có sách | |
| 245 | 0 | |c Paul Radley | |
| 260 | |a Oxford | ||
| 260 | |b Oxford University Press | ||
| 260 | |c 2005 | ||
| 650 | |a english language,english language | ||
| 650 | |x textbooks for foreign speakers,study and teaching | ||
| 904 | |i Năm | ||
| 980 | |a Trung tâm Học liệu Trường Đại học Cần Thơ | ||